Rates on return on investment in individual common stocks : an empirical study of sixty-eight companies listed in the Kuala Lumpur Stock Exchange (1975-1986) /
محفوظ في:
| المؤلف الرئيسي: | |
|---|---|
| التنسيق: | أطروحة كتاب |
| اللغة: | English |
| منشور في: |
1989.
|
| الموضوعات: | |
| الوسوم: |
إضافة وسم
لا توجد وسوم, كن أول من يضع وسما على هذه التسجيلة!
|
| LEADER | 01338cam a2200313 a 4500 | ||
|---|---|---|---|
| 001 | u105686 | ||
| 003 | SIRSI | ||
| 008 | 910730s1989 my at 00 1 eng m | ||
| 035 | |a AAL-5162 | ||
| 040 | |a UMM |d UME | ||
| 043 | |a a-my--- | ||
| 090 | |a HG5750.6 |b K8Loo | ||
| 091 | |a Microfilm 2626 | ||
| 099 | |a HF1008 |b UM 1989 Loo | ||
| 100 | 1 | 0 | |a Look, Tian Fook. |
| 245 | 1 | 0 | |a Rates on return on investment in individual common stocks : |b an empirical study of sixty-eight companies listed in the Kuala Lumpur Stock Exchange (1975-1986) / |c by Look Tian Fook. |
| 260 | 1 | |c 1989. | |
| 300 | |a xiv, 225 leaves ; |c 30 cm. | ||
| 500 | |a Also available on microfilm. Kuala Lumpur : Perpustakaan Universiti Malaya, 1989. 1 reel : negative ; 35 mm. | ||
| 500 | |a Refer Microfilm 2622 | ||
| 502 | |a Dissertation (M.B.A.) -- Fakulti Ekonomi dan Pentadbiran, Universiti Malaya, 1989. | ||
| 504 | |a Bibliography : leaves 221-225. | ||
| 650 | 0 | |a Investments |z Malaysia. | |
| 650 | 0 | |a Stocks |x Prices |z Malaysia. | |
| 710 | 2 | 0 | |a Universiti Malaya. |b Fakulti Ekonomi dan Pentadbiran. |
| 948 | |a 20/08/1991 |b 26/07/2002 | ||
| 596 | |a 1 | ||
| 999 | |a HG5750.6 K8LOO |w LC |c 1 |i A010754884 |d 23/7/2001 |l STACKS |m P01UTAMA |n 1 |r Y |s Y |t TESIS |u 16/10/1991 | ||
| 999 | |a HG5750.6 K8LOO |w LC |c 2 |i A010856676 |d 9/2/2001 |l B_KOM4 |m P01UTAMA |n 2 |r Y |s Y |t TESIS |u 16/10/1991 |o .PUBLIC. bkom 4 : 30505 | ||
